| 000 | 00429 a2200133 4500 | ||
|---|---|---|---|
| 001 | 90583 | ||
| 082 | _aPR 981 | ||
| 090 |
_c42919 _d42919 |
||
| 100 | _aAsif Zubair; Muhammad Ismail; Salman Absar, advisor | ||
| 245 |
_aExtending results of water table experiments to aerodynamic fields _pCAEG-29 |
||
| 260 |
_aKarachi _bUniversity of Karachi _c1989 |
||
| 300 |
_avi, 101 p. _ehand written manuscript |
||
| 500 | _aBE Project Reports | ||
| 942 |
_aCAE NUST _kPR 981 |
||
| 999 |
_c325656 _d325656 |
||